Statistics for The Roman Legacy

Click here to take the quiz!

General Stats

  • This quiz has been taken 26 times
  • The average score is 8 of 11

Answer Stats

HintAnswer% Correct
Founded Rome after killing his twin brotherRomulus
100%
What is the modern day country that Rome was inItaly
90%
The person that was warned,"Beware the Ides of March"Julius Caesar
90%
Caesar's nephew that was the first Emperor of RomeAugustus
86%
The person that rode Elephants over the AlpsHannibal
86%
Julius Caesar's best friend that killed himBrutus
81%
A series of three wars that were fought between Carthage and RomeThe Punic Wars
76%
Octavian started the peace period in Rome called the...Pax Romana
52%
Rome was a settlement first, but then it was a...Kingdom
48%
Beat HannibalScipio Africanus
38%
The person that ended the Roman KingdomTarquinius Superbus
14%

Score Distribution

Percentile by Number Answered

Percent of People with Each Score

Your Score History

You have not taken this quiz